Neuroventas: ¿cómo compran ellos? ¿cómo compran ellas?: aprenda a aplicar los conocimientos sobre el funcionamiento del cerebro para vender con inteligencia y resultados (Registro nro. 7310)

Detalles MARC
000 -CABECERA
campo de control de longitud fija 01151nam a22003977a 4500
005 - FECHA Y HORA DE ACTUALIZACIÓN
campo de control 20260206102358.0
008 - LONGITUD FIJA
campo de control de longitud fija 160112b2014 xxu||||| |||| 00| 0 spa d
020 ## - INTERNATIONAL STANDARD BOOK NUMBER
Número Internacional Estándar del Libro 9789506417659
041 ## - IDIOMA
Código de idioma del texto/pista de sonido o título separado Español
082 ## - CLASIFICACIÓN DECIMAL DEWEY
Número de clasificación 658.8 B814n
100 ## - AUTOR PERSONAL
Nombre de persona Braidot, Néstor Pedro
245 ## - TÍTULO PROPIAMENTE DICHO
Título Neuroventas: ¿cómo compran ellos? ¿cómo compran ellas?: aprenda a aplicar los conocimientos sobre el funcionamiento del cerebro para vender con inteligencia y resultados
260 ## - PIE DE IMPRENTA
Lugar de publicación, distribución, etc. Argentina
260 ## - PIE DE IMPRENTA
Nombre del editor, distribuidor, etc. Granica
260 ## - PIE DE IMPRENTA
Fecha de publicación, distribución, etc. 2014
300 ## - DESCRIPCIÓN FÍSICA
Extensión 275 páginas
650 ## - Materia General
Materia general ADMINISTRACIÓN
650 ## - Materia General
Materia general NEUROCIENCIAS APLICADAS
650 ## - Materia General
Materia general MERCADEO
650 ## - Materia General
Materia general NEUROVENTAS
650 ## - Materia General
Materia general CEREBRO
650 ## - Materia General
Materia general VENDER CON INTELIGENCIA
650 ## - Materia General
Materia general RESULTADOS EXITOSOS
650 ## - Materia General
Materia general COMPRADOR
650 ## - Materia General
Materia general VENDEDOR
650 ## - Materia General
Materia general EMOCIONES
650 ## - Materia General
Materia general EMPATIA
650 ## - Materia General
Materia general COMPRAS DEL CLIENTE
650 ## - Materia General
Materia general COMUNICACIÓN NO VERBAL
650 ## - Materia General
Materia general GESTOS
650 ## - Materia General
Materia general EXPRESIONES CORPORALES
650 ## - Materia General
Materia general BARRERAS CORPORALES
650 ## - Materia General
Materia general DISTANCIAS ZONALES
650 ## - Materia General
Materia general DESARROLLO CEREBRAL DEL VENDEDOR
942 ## - Punto de Acceso Adicional Koha
Tipo de ítem Koha Libro
Existencias
Estado perdido Estado dañado No para préstamo Biblioteca permanente Biblioteca actual Signatura completa Código de barras Tipo de ítem Precio efectivo a partir del
      Departamento de Biblioteca y Documentación Alfonso Chase Brenes Departamento de Biblioteca y Documentación Alfonso Chase Brenes 658.8 B814n 19983 Libro  
      Departamento de Biblioteca y Documentación Alfonso Chase Brenes Departamento de Biblioteca y Documentación Alfonso Chase Brenes 658.8 B814n 20878 Libro 29/03/2016